000 01070cam a2200229 4500
001 ABS63059
008 000000n2000 000 0 eng u
035 _a(Sirsi) u108939
100 _aEdwards
_D.
245 _aSilent witness
260 _c2000
490 _aSolicitors' Journal
_v (Supplement) 4 August 2000, 22-23(2)
520 _aThe Millennium Mapping Company is to make available new seamless, digital vertical imagery of the entire UK via the internet. Their digital survey will be repeated every five years. Considers the benefits and impact this is likely to have. Also discusses the recently published NAPLIB Directory of Aerial Photographic Collections in the United Kingdom, which lists the wide range of sources and libraries in which such material can be found.
590 _aABS
650 _aAERIAL PHOTOGRAPHY
650 _aNAPLIB DIRECTORY OF AERIAL PHOTOGRAPHIC COLLECTIONS IN THE UNITED KINGDOM
650 _aDIGITAL
650 _aSURVEYS
650 _aMILLENNIUM MAPPING COMPANY
690 _aMAPPING AND MEASUREMENT
942 _n0
999 _c65047
_d65047